000 00443cam a22001934a 4500
005 20250605164307.0
008 250528s ||||||||||||||||||||||||d
035 _a22325
020 _a9780415253833
040 _aGR-AtMCL
_bgre
_dGR-AtMCL
_eAACR2
245 1 _aWRITING AND DIFFERENCE
250 _a1
260 _bRouledge,
_c2001
300 _a446
700 1 _aDerrida Jacques
_9229
942 _cBK
999 _c7379
_d7379